000 00536nam a22001817a 4500
005 20251108173353.0
008 250721s2002 xx 000 0 ara d
082 1 4 _a615.85/اسم
100 1 _aإسماعيل، رافع
245 1 0 _aعالج نفسك بطعامك وشرابك /
264 1 _aعمان :
_bدار الإسراء للنشر والتوزيع،
_c2002.
300 _a96 ص
650 1 7 _aالعلاج الغذائي
650 1 7 _aالإغذية
650 1 7 _aالفواكه
942 _2ddc
_cBK
999 _c102326
_d102326